All 7 Letter Words that Begin With E - Statistics

General Stats
  • This quiz has been taken 9 times
  • The average score is 142 of 1232
Answer Stats
% Correct
earring
100%
entered
100%
evening
100%
execute
100%
elevate
86%
endings
86%
eveners
86%
excited
86%
exciter
86%
excites
86%
exiting
86%
earlier
71%
earlobe
71%
earning
71%
earthly
71%
ebonies
71%
echoing
71%
editing
71%
edition
71%
editors
71%
emailed
71%
emotion
71%
empires
71%
engined
71%
engines
71%
ensures
71%
enterer
71%
enticed
71%
entices
71%
entries
71%
erasers
71%
erasing
71%
evaders
71%
evading
71%
examine
71%
existed
71%
expands
71%
expends
71%
explode
71%
earners
57%
earthed
57%
economy
57%
educate
57%
efforts
57%
elation
57%
elbowed
57%
elderly
57%
elected
57%
element
57%
emailer
57%
emulate
57%
endears
57%
endorse
57%
enemies
57%
enjoyed
57%
ensured
57%
entires
57%
envelop
57%
eroding
57%
escaped
57%
escapee
57%
escapes
57%
essence
57%
etchers
57%
etching
57%
ethical
57%
evicted
57%
evictor
57%
evolved
57%
evolves
57%
exceeds
57%
excused
57%
excuser
57%
excuses
57%
exhales
57%
exhumed
57%
exhumer
57%
exhumes
57%
exilers
57%
exiling
57%
exister
57%
expects
57%
expense
57%
experts
57%
explain
57%
explore
57%
exports
57%
exposed
57%
exposer
57%
exposes
57%
extends
57%
extorts
57%
eagling
43%
earache
43%
earnest
43%
earthen
43%
easiest
43%
eastern
43%
Easters
43%
edified
43%
edifier
43%
edifies
43%
egotist
43%
eighths
43%
elaters
43%
elating
43%
Electra
43%
elevens
43%
eluders
43%
emerged
43%
emerges
43%
emoters
43%
emoting
43%
empaths
43%
empathy
43%
emperor
43%
empress
43%
emptied
43%
emptier
43%
empties
43%
enacted
43%
encased
43%
encases
43%
enclave
43%
endless
43%
endowed
43%
endured
43%
endurer
43%
endures
43%
enfolds
43%
engaged
43%
engager
43%
engages
43%
engrave
43%
engulfs
43%
enjoyer
43%
enlarge
43%
enrolls
43%
ensurer
43%
entails
43%
entrail
43%
entraps
43%
entrees
43%
environ
43%
equines
43%
equinus
43%
ermines
43%
erosion
43%
escaper
43%
eschews
43%
estates
43%
eternal
43%
ethanol
43%
ethnics
43%
evasive
43%
evenest
43%
exacted
43%
exacter
43%
example
43%
exclaim
43%
exerted
43%
exhaled
43%
expanse
43%
express
43%
extinct
43%
exuding
43%
eyebrow
43%
eyelash
43%
eyeless
43%
eyelids
43%
eagerly
29%
eaglets
29%
eardrum
29%
earhole
29%
earings
29%
earless
29%
earwigs
29%
earworm
29%
easeled
29%
easings
29%
easting
29%
Ebonics
29%
echidna
29%
eclairs
29%
eclipse
29%
ecstasy
29%
ectopic
29%
edamame
29%
edgings
29%
edibles
29%
eggless
29%
eggnogs
29%
ejected
29%
ejector
29%
elapsed
29%
elapses
29%
elector
29%
elegant
29%
elopers
29%
eloping
29%
eluding
29%
emanate
29%
embalms
29%
embrace
29%
embryos
29%
emitted
29%
emitter
29%
employs
29%
emporia
29%
empower
29%
enamors
29%
enclose
29%
encored
29%
encores
29%
endgame
29%
endives
29%
English
29%
engorge
29%
engross
29%
enigmas
29%
enlists
29%
enquire
29%
ensnare
29%
ensnarl
29%
ensuing
29%
entitle
29%
entropy
29%
entrust
29%
envious
29%
enzymes
29%
epistle
29%
equated
29%
equates
29%
equator
29%
erasure
29%
erected
29%
ermined
29%
erratic
29%
escorts
29%
esports
29%
esprits
29%
esquire
29%
essayed
29%
essayer
29%
ethanes
29%
euchres
29%
Everest
29%
evictee
29%
eviller
29%
evoking
29%
evolute
29%
exactly
29%
exalted
29%
exalter
29%
excepts
29%
excerpt
29%
exclude
29%
exhaust
29%
exhorts
29%
expirer
29%
expires
29%
extents
29%
extract
29%
extreme
29%
exulted
29%
eyefuls
29%
eyehole
29%
eyelets
29%
eyesore
29%
eyewash
29%
eyewear
29%
eagerer
14%
earbuds
14%
earfuls
14%
earlets
14%
earlily
14%
earmark
14%
earmuff
14%
echelon
14%
ecology
14%
ectenes
14%
eczemas
14%
eddying
14%
edgiest
14%
educing
14%
Edwards
14%
eeriest
14%
effaced
14%
effacer
14%
effaces
14%
egested
14%
eggcups
14%
eggiest
14%
egotism
14%
elastic
14%
elegiac
14%
elevato
14%
elicits
14%
ellecks
14%
ellipse
14%
elocute
14%
elusive
14%
embargo
14%
embassy
14%
emblaze
14%
embolic
14%
embolus
14%
embowel
14%
emeries
14%
emigres
14%
emotive
14%
emplane
14%
employe
14%
emprise
14%
emption
14%
enactor
14%
enamels
14%
enamour
14%
encaged
14%
encages
14%
endcaps
14%
endemic
14%
endmost
14%
endoral
14%
enduing
14%
endways
14%
enforce
14%
engrain
14%
enlight
14%
enliven
14%
enquiry
14%
enraged
14%
enrages
14%
enslave
14%
enstamp
14%
entente
14%
enteral
14%
entombs
14%
entrant
14%
entreat
14%
entwine
14%
enuring
14%
enviros
14%
epaulet
14%
epiderm
14%
epigram
14%
episode
14%
epitome
14%
epoches
14%
eponyms
14%
epoxied
14%
epoxies
14%
equally
14%
equinal
14%
equinia
14%
equinox
14%
equites
14%
erector
14%
erosive
14%
erotica
14%
erotics
14%
errands
14%
errants
14%
erratum
14%
erudite
14%
erupted
14%
escript
14%
escrows
14%
Eskimos
14%
esteems
14%
Esthers
14%
estuary
14%
ethenes
14%
Etheria
14%
etherin
14%
ethines
14%
etoiles
14%
evasion
14%
everted
14%
evident
14%
evilest
14%
eviting
14%
examens
14%
excised
14%
excises
14%
exclave
14%
excrete
14%
excusal
14%
exempts
14%
exotics
14%
expiate
14%
expired
14%
expiree
14%
expulse
14%
expunge
14%
extense
14%
externa
14%
externs
14%
extolls
14%
eyeball
14%
eyebeam
14%
eyedrop
14%
eyeline
14%
eyespot
14%
Ezekiel
14%
eanling
0%
earages
0%
earbash
0%
earbobs
0%
eardrop
0%
earflap
0%
earhead
0%
earlaps
0%
earldom
0%
earlike
0%
earlock
0%
earmold
0%
earnful
0%
earocks
0%
earplug
0%
earshot
0%
eartabs
0%
easeful
0%
eastlin
0%
eatable
0%
eatages
0%
ebauche
0%
EBCDICs
0%
ebonite
0%
ebonize
0%
ebriety
0%
ecandas
0%
ecartes
0%
ecbolic
0%
eccrine
0%
ecdyses
0%
ecdysis
0%
ecdyson
0%
echappe
0%
echards
0%
echelle
0%
Echimys
0%
echinal
0%
echinid
0%
echinus
0%
Echites
0%
echiums
0%
echoism
0%
echoppe
0%
ecizing
0%
eclegma
0%
eclogue
0%
eclosed
0%
ecloses
0%
ecocide
0%
ecodeme
0%
ecorche
0%
ecotage
0%
ecotone
0%
ecotour
0%
ecotype
0%
ecphore
0%
ectases
0%
ectasia
0%
ectasis
0%
ectatic
0%
ecthyma
0%
ectopia
0%
Ectozoa
0%
ectypal
0%
ectypes
0%
ecuelle
0%
ecumene
0%
edacity
0%
edaphic
0%
edaphon
0%
edemata
0%
edenite
0%
edental
0%
Edessan
0%
edestin
0%
edetate
0%
edictal
0%
edicule
0%
edifice
0%
edility
0%
Edinger
0%
editrix
0%
Edomite
0%
educand
0%
eductor
0%
eebrees
0%
eelboat
0%
eelfare
0%
eeliest
0%
eellike
0%
eelpots
0%
eelpout
0%
eelworm
0%
Efatese
0%
effable
0%
effects
0%
effendi
0%
effluve
0%
efforce
0%
effulge
0%
effunds
0%
effused
0%
effuses
0%
egalite
0%
egerans
0%
Egerias
0%
eggcorn
0%
egghead
0%
egghots
0%
egglers
0%
egohood
0%
egoisms
0%
egoists
0%
egoless
0%
egotize
0%
ehretia
0%
Ehrlich
0%
ehuawas
0%
eidetic
0%
eidolon
0%
Eijkman
0%
eilding
0%
Eimeria
0%
einkorn
0%
eirenic
0%
Eisenia
0%
eiswein
0%
ejacula
0%
ekename
0%
ekhimis
0%
ekistic
0%
ekphore
0%
ekpwele
0%
ektenes
0%
ekueles
0%
ekweles
0%
elaenia
0%
elaidin
0%
Elamite
0%
elanced
0%
elances
0%
elapids
0%
elapine
0%
elapoid
0%
elastin
0%
Elatine
0%
elative
0%
eldings
0%
eldress
0%
Eleatic
0%
elegies
0%
elegist
0%
elegits
0%
elegize
0%
eleidin
0%
elemols
0%
elenchi
0%
elenchs
0%
elepaio
0%
Elephas
0%
Eleuths
0%
elevons
0%
elfland
0%
elflock
0%
elfwort
0%
eliding
0%
elinvar
0%
Eliotic
0%
elision
0%
elitism
0%
elitist
0%
elixate
0%
elixirs
0%
elkslip
0%
elkwood
0%
Ellison
0%
ellwand
0%
elmiest
0%
elodeas
0%
elogies
0%
elogium
0%
Elohism
0%
Elohist
0%
eloigns
0%
elopses
0%
elritch
0%
elshins
0%
Elsinoe
0%
eluants
0%
eluates
0%
eluents
0%
elusion
0%
elusory
0%
eluting
0%
elution
0%
eluvial
0%
eluvium
0%
elysian
0%
Elysium
0%
elytral
0%
elytron
0%
emagram
0%
emanant
0%
emaning
0%
embanks
0%
embarks
0%
embathe
0%
embayed
0%
Embdens
0%
embelia
0%
embelif
0%
embelin
0%
embiids
0%
embiras
0%
emblema
0%
emblems
0%
emblics
0%
emboite
0%
embolia
0%
embolos
0%
embosks
0%
embosom
0%
embound
0%
embowed
0%
embower
0%
embrail
0%
embrave
0%
embrion
0%
embroil
0%
embrown
0%
embrued
0%
embrues
0%
embrute
0%
embuias
0%
emended
0%
emender
0%
emerald
0%
emerant
0%
emeried
0%
emerita
0%
emeriti
0%
emerize
0%
emerods
0%
emersal
0%
emersed
0%
emetics
0%
emetine
0%
emeutes
0%
emgalla
0%
eminent
0%
emirate
0%
emodins
0%
emoloas
0%
emonies
0%
empanel
0%
emparls
0%
empearl
0%
empeine
0%
empests
0%
Empidae
0%
empings
0%
empiric
0%
emplace
0%
emplant
0%
emplead
0%
emplume
0%
empodia
0%
emptily
0%
empting
0%
emptins
0%
emptors
0%
empyema
0%
emulged
0%
emulges
0%
emulous
0%
emulsin
0%
emulsor
0%
enabled
0%
enabler
0%
enables
0%
enalids
0%
enalite
0%
enamdar
0%
enamine
0%
enarmes
0%
enation
0%
enbrave
0%
encamps
0%
encarpi
0%
encelia
0%
enchafe
0%
enchain
0%
enchant
0%
enchase
0%
encheer
0%
encinal
0%
encinas
0%
enclasp
0%
encoded
0%
encoder
0%
encodes
0%
encomia
0%
encomic
0%
encrini
0%
encrust
0%
encrypt
0%
encysts
0%
endarch
0%
endball
0%
endecha
0%
endgate
0%
endhand
0%
endites
0%
endleaf
0%
endlong
0%
endnote
0%
endogen
0%
endopod
0%
endozoa
0%
endpins
0%
endrins
0%
endseal
0%
enduras
0%
enduros
0%
endwise
0%
endymal
0%
endymas
0%
endyses
0%
endysis
0%
enediol
0%
enemata
0%
energic
0%
energid
0%
enewing
0%
enfeoff
0%
enfiled
0%
enflame
0%
enflesh
0%
enframe
0%
engauds
0%
engilds
0%
engirds
0%
englobe
0%
englyns
0%
engobes
0%
engoule
0%
engrace
0%
engraff
0%
engraft
0%
engrail
0%
engrams
0%
enhance
0%
enhedge
0%
enherit
0%
Enhydra
0%
Enimaga
0%
enisled
0%
enisles
0%
enjewel
0%
enjoins
0%
enlaced
0%
enlaces
0%
enneads
0%
ennoble
0%
ennuyes
0%
Enochic
0%
enolase
0%
enolate
0%
enolise
0%
enolize
0%
enology
0%
enounce
0%
enplane
0%
enquest
0%
enrobed
0%
enrober
0%
enrobes
0%
enroots
0%
enrough
0%
enround
0%
ensaint
0%
enserfs
0%
ensetes
0%
ensigns
0%
ensiled
0%
ensiles
0%
enskied
0%
enskies
0%
ensouls
0%
enstate
0%
ensteel
0%
ensteep
0%
enstool
0%
enstyle
0%
ensuant
0%
ensweep
0%
entases
0%
entasis
0%
enteric
0%
enteron
0%
enthral
0%
enthuse
0%
entoils
0%
entomia
0%
entomic
0%
entopic
0%
entotic
0%
entozoa
0%
entrada
0%
entrain
0%
entruck
0%
entwist
0%
envenom
0%
enviers
0%
envying
0%
enweave
0%
enwheel
0%
enwinds
0%
enwombs
0%
enwound
0%
enwoven
0%
enwraps
0%
enzymic
0%
eoliths
0%
eonisms
0%
eosines
0%
eozoons
0%
epacrid
0%
epacris
0%
epactal
0%
epagoge
0%
eparchs
0%
eparchy
0%
epaxial
0%
epazote
0%
epeeist
0%
epeiras
0%
epeiric
0%
epeirid
0%
epeirot
0%
epergne
0%
ephapse
0%
ephebes
0%
ephebic
0%
ephebus
0%
ephedra
0%
ephelis
0%
Ephetae
0%
Ephetai
0%
Ephraim
0%
Ephrata
0%
ephyrae
0%
ephyras
0%
epiblem
0%
epibole
0%
epiboly
0%
epicarp
0%
epicede
0%
epicele
0%
epicene
0%
epichil
0%
epicist
0%
epicure
0%
epicyte
0%
epidemy
0%
epidote
0%
Epigaea
0%
epigeal
0%
epigean
0%
epigeic
0%
epigene
0%
epigone
0%
epigoni
0%
epigyna
0%
epigyne
0%
epigyny
0%
epihyal
0%
epikeia
0%
epilate
0%
epilogs
0%
epiloia
0%
epimera
0%
epimere
0%
epimers
0%
epinaoi
0%
epinaos
0%
epinard
0%
epingle
0%
epinine
0%
epiotic
0%
epipial
0%
epiploa
0%
Epirote
0%
episcia
0%
episome
0%
epitaph
0%
epitaxy
0%
epithem
0%
epithet
0%
epitoke
0%
epitope
0%
Epitrix
0%
epiural
0%
epivags
0%
epizoic
0%
epizoon
0%
epkwele
0%
epochal
0%
epoetin
0%
eponges
0%
eponymy
0%
epopeas
0%
epopees
0%
epopeia
0%
epoptae
0%
epoptai
0%
epoptic
0%
epoxide
0%
epoxyed
0%
epsilon
0%
Epstein
0%
epuloid
0%
epurals
0%
epurate
0%
epyllia
0%
equable
0%
equably
0%
equaled
0%
equerry
0%
Equidae
0%
equilin
0%
erasion
0%
erbiums
0%
erdvark
0%
erectly
0%
erelong
0%
Eremian
0%
eremite
0%
eremuri
0%
erepsin
0%
erethic
0%
ergasia
0%
ergates
0%
ergodic
0%
ergones
0%
ergotic
0%
ericads
0%
ericius
0%
ericoid
0%
erigens
0%
erikite
0%
erineum
0%
erinite
0%
erinose
0%
Erinyes
0%
eristic
0%
ermelin
0%
erodium
0%
erogeny
0%
erotise
0%
erotism
0%
erotize
0%
errable
0%
errancy
0%
erratas
0%
errhine
0%
eructed
0%
Erwinia
0%
eryngos
0%
eryopid
0%
erythea
0%
escarps
0%
eschara
0%
eschars
0%
escheat
0%
escolar
0%
escoted
0%
escroll
0%
escrols
0%
escuage
0%
escudos
0%
esculin
0%
eserine
0%
Esmarch
0%
esotery
0%
espadas
0%
espadon
0%
esparto
0%
espavel
0%
espaves
0%
espials
0%
espiers
0%
espinos
0%
esplees
0%
espouse
0%
espying
0%
esquite
0%
esrogim
0%
essarts
0%
Esselen
0%
Essenes
0%
Essenic
0%
essives
0%
essoign
0%
essoine
0%
essoins
0%
estalls
0%
estamin
0%
esteros
0%
esthete
0%
estival
0%
estoile
0%
estoque
0%
estrade
0%
estrays
0%
estreat
0%
estrepe
0%
estrich
0%
estrins
0%
estriol
0%
estrone
0%
estrous
0%
estrual
0%
estrums
0%
estuate
0%
estufas
0%
esurine
0%
etagere
0%
etalons
0%
etamine
0%
Etanims
0%
etatism
0%
etatist
0%
etchant
0%
Etesian
0%
ethanal
0%
Ethanim
0%
etheric
0%
ethides
0%
ethinyl
0%
ethions
0%
Ethiope
0%
Ethiops
0%
ethmoid
0%
ethnica
0%
ethnika
0%
ethoses
0%
ethoxyl
0%
ethrogs
0%
ethylic
0%
ethynes
0%
ethynyl
0%
Etonian
0%
etouffe
0%
etrogim
0%
etymons
0%
euaster
0%
Euboean
0%
eucaine
0%
Euchite
0%
euchred
0%
euclase
0%
eucleid
0%
euconic
0%
eucrite
0%
eudemon
0%
Euderma
0%
Eudeves
0%
Eudists
0%
eugenia
0%
eugenic
0%
eugenol
0%
euglena
0%
eugonic
0%
eulalia
0%
Eulamia
0%
eulogia
0%
eulogic
0%
Eumeces
0%
Eumenes
0%
eumenid
0%
eunicid
0%
eunuchs
0%
euodias
0%
euonyms
0%
euphone
0%
euphony
0%
euphory
0%
euphroe
0%
euploid
0%
eupneas
0%
eupneic
0%
eupnoea
0%
euripus
0%
eurobin
0%
europic
0%
Europid
0%
Euryale
0%
Eurycea
0%
euryene
0%
euryeny
0%
euryons
0%
Euskara
0%
Euskera
0%
eustacy
0%
eustele
0%
eustyle
0%
eutaxic
0%
Euterpe
0%
eutexia
0%
eutocia
0%
Eutopia
0%
euxinic
0%
Evactor
0%
evacuee
0%
evangel
0%
evanish
0%
evejars
0%
eveques
0%
Evernia
0%
evertor
0%
everwho
0%
eveweed
0%
evinced
0%
evinces
0%
evirate
0%
evocate
0%
evodias
0%
evulsed
0%
evulses
0%
evzones
0%
eweries
0%
exactas
0%
exactor
0%
exacums
0%
exalate
0%
exarate
0%
exarchs
0%
exarchy
0%
excambs
0%
excelse
0%
excheat
0%
excided
0%
excides
0%
excimer
0%
exciple
0%
exciton
0%
excitor
0%
excocts
0%
excreta
0%
excurse
0%
excysts
0%
exedent
0%
exeding
0%
exedrae
0%
exedras
0%
exeemed
0%
exegete
0%
exempla
0%
exerced
0%
exerces
0%
exergue
0%
exhedra
0%
exhibit
0%
exigent
0%
exilian
0%
exility
0%
exinite
0%
exitial
0%
exlexes
0%
Exmoors
0%
exocarp
0%
exocoel
0%
exocone
0%
exoderm
0%
exodies
0%
exodist
0%
exodium
0%
exogamy
0%
exogene
0%
exogens
0%
Exogyra
0%
exolete
0%
exoners
0%
exopods
0%
exordia
0%
exotica
0%
exotism
0%
expeded
0%
expedes
0%
explant
0%
explete
0%
exploit
0%
exposit
0%
expound
0%
expugns
0%
exscind
0%
exsects
0%
exserts
0%
exsolve
0%
externe
0%
extills
0%
extimae
0%
extimas
0%
extirps
0%
extrema
0%
extrude
0%
exudate
0%
Exultet
0%
exurban
0%
exurbia
0%
exuting
0%
exuviae
0%
exuvial
0%
eyeable
0%
eyebalm
0%
eyebars
0%
eyebolt
0%
eyecups
0%
eyelike
0%
eyepits
0%
eyeroot
0%
eyeshot
0%
eyesome
0%
eyewink
0%
eyewort
0%
No matching quizzes found
Score Distribution
Percent of People with Each Score
Percentile by Number Answered
Your Score History
You have not taken this quiz